000 00210 a2200097 4500
001 8870
100 _aMatthiesen F O
245 _aOxofrd book of amearican verse
260 _a
_bOxford
_c
090 _c7063
_d7063
942 _aNUST-CAE
_cM
_c33671
999 _c243943
_d243943